|
|
|
|
| LEADER |
00833nta a2200205 i 4500 |
| 001 |
dipl137990 |
| 005 |
20230920095952.0 |
| 008 |
230920s2016 hu om 0|| hun d |
| 040 |
|
|
|a SZTE Diploma Repozitórium
|b hun
|
| 041 |
|
|
|a hun
|
| 100 |
1 |
|
|a Bak Barbara
|
| 245 |
1 |
2 |
|a A szegénység Magyarországon, különös tekintettel Békés megyére, kitörési lehetőségek
|h [elektronikus dokumentum] /
|c Barbara Bak
|
| 246 |
1 |
0 |
|a The poverty in Hungary with special regard to Békés County, opportunities to make a real difference
|h [elektronikus dokumentum]
|
| 260 |
|
|
|c 2016
|
| 650 |
|
4 |
|a Jogi és igazgatási tanulmányok
|
| 650 |
|
4 |
|a Social sciences
|
| 650 |
|
4 |
|a Sociology
|
| 650 |
|
4 |
|a Law
|
| 700 |
2 |
|
|a Hekáné Szondi Ildikó
|e ths
|
| 856 |
4 |
0 |
|u https://diploma.bibl.u-szeged.hu/id/eprint/137990/1/2016_bak_barbara.pdf
|z Dokumentum-elérés
|